ইসলামী শিল্পকলা / (Record no. 52639)
[ view plain ]
| 000 -LEADER | |
|---|---|
| fixed length control field | 00831nam a2200229 a 4500 |
| 001 - CONTROL NUMBER | |
| control field | 52639 |
| 003 - CONTROL NUMBER IDENTIFIER | |
| rucl marc code | BD-RjUL |
| 005 - DATE AND TIME OF LATEST TRANSACTION | |
| control field | 20211209075834.0 |
| 008 - FIXED-LENGTH DATA ELEMENTS--GENERAL INFORMATION | |
| fixed length control field | 160924s1978 bg a|||| |||| 00| 0 ben d |
| 020 ## - INTERNATIONAL STANDARD BOOK NUMBER | |
| Terms of availability | : Tk. 20.00 |
| 035 ## - SYSTEM CONTROL NUMBER | |
| System control number | (BD-RjUL)52759 |
| 040 ## - CATALOGING SOURCE | |
| Original cataloging agency | BD-RjUL |
| Language of cataloging | ben |
| Transcribing agency | BD-RjUL |
| Modifying agency | BD-RjUL |
| 041 ## - LANGUAGE CODE | |
| Language code of text/sound track or separate title | ben |
| 082 ## - DEWEY DECIMAL CLASSIFICATION NUMBER | |
| Edition number | 23 |
| Classification number | 704.94897 |
| Author mark and year | SAI 1978 |
| 100 1# - MAIN ENTRY--PERSONAL NAME | |
| Personal name | সামাদ, এবনে গোলাম |
| 9 (RLIN) | 122847 |
| 245 10 - TITLE STATEMENT | |
| Title | ইসলামী শিল্পকলা / |
| Statement of responsibility, etc. | এবনে গোলাম সামাদ, |
| 260 ## - PUBLICATION, DISTRIBUTION, ETC. (IMPRINT) | |
| Place of publication, distribution, etc. | ঢাকা : |
| Name of publisher, distributor, etc. | বাংলা একাডেমী, |
| Date of publication, distribution, etc. | ১৯৭৮ |
| 300 ## - PHYSICAL DESCRIPTION | |
| Pagination | [চৌদ্দ], ২৫৮ পৃ. : |
| Illustrations | চিত্র ; |
| Size | ২২ সেমি. |
| 650 ## - SUBJECT ADDED ENTRY--TOPICAL TERM | |
| Topical term or geographic name as entry element | ইসলামী শিল্পকলা |
| 9 (RLIN) | 157412 |
| Topical term or geographic name as entry element | Islamic art |
| 9 (RLIN) | 138524 |
| 942 ## - ADDED ENTRY ELEMENTS (KOHA) | |
| Source of classification or shelving scheme | Dewey Decimal Classification |
| Koha item type | Books |
| Lost status | Source of classification or shelving scheme | Damaged status | Not for loan | Collection code | Permanent Location | Current Location | Shelving location | Date acquired | Source of acquisition | Cost, normal purchase price | Total Checkouts | Full call number | Date last seen | Copy number | Koha item type | Date checked out |
|---|---|---|---|---|---|---|---|---|---|---|---|---|---|---|---|---|
| Dewey Decimal Classification | Non-fiction | Central Library, University of Rajshahi | Central Library, University of Rajshahi | 30/06/1981 | Eureka Book Agency, Rajshahi | 20.00 | B 704.94897 SAI 1978 | 24/09/2016 | C-2 | Books | ||||||
| Dewey Decimal Classification | Non-fiction | Central Library, University of Rajshahi | Central Library, University of Rajshahi | 30/06/1981 | Ureka Book Akademi, Rajshahi | 20.00 | B 704.94897 SAI 1978 | 06/11/2016 | C-3 | Books | ||||||
| Dewey Decimal Classification | Non-fiction | Central Library, University of Rajshahi | Central Library, University of Rajshahi | 30/06/1981 | Ureka Book Akademi, Rajshahi | 20.00 | 1 | B 704.94897 SAI 1978 | 04/04/2018 | C-4 | Books | 15/03/2018 | ||||
| Dewey Decimal Classification | Not For Loan | Non-fiction | Central Library, University of Rajshahi | Central Library, University of Rajshahi | Reading Room | 22/08/1980 | Ureka Book Akademi, Rajshah | 20.00 | B 704.94897 SAI 1978 | 22/02/2017 | C-1 | Books |